Дело по прошению дочери умершего суфлера московских театров Екатерины Загоскиной о назначении ей вторичного пенсиона, прекращенн...

Доступно только в Электронных читальных залах Найти на картеНа карте
RUSMARC
00003835nmc2a22000003x 450
00115f4482e-a8a7-4829-a4bb-29471c832003
00520181222011308.0
100##$a20170626l18441844k l0rusy0189 ca
1010#$arus
102##$aRU
2001#$aДело по прошению дочери умершего суфлера московских театров Екатерины Загоскиной о назначении ей вторичного пенсиона, прекращенного за вступление ею в совершеннолетие, и о выдаче ей на жительство свидетельства
$j20 декабря 1844 г.
251##$cДело
300##$aПо Московской дирекции за 1844 год
300##$aДело
801#0$aRU
$bРГИА
$c20170626
$gRCR
801#1$aRU
$bГлавНИВЦ
$c20170626
$2rusmarc
801#2$aRU
$bПБ им. Б.Н. Ельцина
$c20181222
$gRCR
$2rusmarc
850##$aРГИА
852##$aРГИА
$eФедеральное казенное учреждение "Российский государственный исторический архив" (РГИА)
$j10149
937##$hРГИА
$d12243318
$aASBIBLIO_SCAN
462#0$1001dd3991dc-24e1-42ec-8838-ca4255420416
$12001
$a1746-1850 гг.
$1251
$cОпись
$1852
$j1
461#0$10019264ebf8-de62-4f1a-9eb4-9f22098dbbd5
$12001
$aДирекция императорских театров МИДв
$1251
$cФонд
$1852
$j497
215##$a3 л.
$d36,5х26 см
371##$aДокумент не является опубликованным и широко распространяемым
105##$ay###
1220#$ad
035##$a15f4482e-a8a7-4829-a4bb-29471c832003
856##$uhttp://readingroom.main.prlib.ru/item.aspx?id_node=n122214711&mode=full
Формат отображения